| 000 | 00760nam a2200265Ia 4500 | ||
|---|---|---|---|
| 003 | OSt | ||
| 005 | 20220927105831.0 | ||
| 006 | a|||||r|||| 00| 0 | ||
| 007 | ta | ||
| 008 | 220926b |||||||| |||| 00| 0 eng d | ||
| 024 | _a31943 | ||
| 037 | _cReference Collections | ||
| 040 |
_aRTL _cRTL _beng |
||
| 041 |
_2eng _aeng |
||
| 082 | _a"X:555:2:N54, J4" | ||
| 110 |
_a"India, Commerce and Industry (M/O...)" _9375400 |
||
| 245 | 0 |
_aImport trade control orders _b Open general licence |
|
| 260 |
_aDelh _bMOP _c1954 |
||
| 300 |
_a25p. _ccm. |
||
| 650 | _a Economics | ||
| 650 | _aImport | ||
| 700 |
_a"India, Commerce and Industry (M/O...)" _9375401 |
||
| 942 |
_h"X:555:2:N54, J4" _cCC |
||
| 999 |
_c694952 _d694952 |
||